|
|
|
|
| LEADER |
00000cam a2200000 a 4500 |
| 001 |
vtls011746320 |
| 003 |
SK-MaSNL |
| 005 |
20260302023741.0 |
| 007 |
fb a un a |
| 008 |
240318s2018 xo ff 000 f slo |
| 015 |
|
|
|a SNBK2018
|
| 020 |
|
|
|a 9788018071915
|
| 040 |
|
|
|a SNK
|b slo
|c SNK
|e AACR2
|
| 041 |
0 |
|
|a slo
|
| 044 |
|
|
|a xo
|c SK
|
| 072 |
|
7 |
|a 821.162.4-3
|x Slovenská próza
|2 konspekt
|
| 072 |
|
7 |
|a 821-93
|x Literatúra pre deti a mládež (beletria)
|2 konspekt
|
| 080 |
|
|
|a 821.162.4-34
|2 2011
|
| 080 |
|
|
|a 821-93
|2 2011
|
| 080 |
|
|
|a (0:003.24)
|2 2011
|
| 080 |
|
|
|a (0:82-34)
|2 2011
|
| 100 |
1 |
|
|a Čechovičová, Mária,
|d 1951-
|4 aut
|9 150979
|
| 245 |
1 |
0 |
|a Kráľovstvá v zajatí stríg
|h Braillovo písmo
|c Mária Čechovičová-Ochabová ; [korektor: Ingrida Richterová]
|
| 260 |
|
|
|a Levoča
|b Slovenská knižnica pre nevidiacich Mateja Hrebendu
|c 2018
|
| 300 |
|
|
|a 1 zv. v Braillovom písme
|c 26 x 31 cm
|
| 520 |
8 |
|
|a Rozprávky pre deti
|
| 655 |
|
7 |
|a publikácie pre nevidiacich
|2 SNKPH
|9 70695
|
| 655 |
|
7 |
|a publikácie v Braillovom písme
|2 SNKPH
|9 222610
|
| 655 |
|
7 |
|a slovenské rozprávky
|2 SNKPH
|9 70528
|
| 655 |
|
7 |
|a publikácie pre deti
|2 SNKPH
|9 70148
|
| 700 |
1 |
|
|a Richterová, Ingrida
|4 pfr
|9 303020
|
| 919 |
|
|
|a 978-80-18-07191-5
|
| 958 |
|
|
|a SX
|
| 958 |
|
|
|a LX
|
| 958 |
|
|
|a DB
|
| 999 |
|
|
|c 1037765
|d 1039695
|
| 952 |
|
|
|a SNK
|b SNK
|y PREZ
|7 0
|p 17A1333602
|o snkOSB 19192
|i snk2018/14831
|8 0
|0 0
|1 0
|4 0
|d 2018-07-11
|l 0
|r 2026-02-24 14:14:22
|w 2026-02-24
|